000 00529nam a2200145 i 4500
001 bg
245 0 _aGeotechnical Aspects of Soft Clays. Proceedings of the International Symposium on Soft Clay Asian Institute of Technology, Bangkok, Thailand 5-6 July, 1977 /
_cEdited by R. P. Brenner a. E. W. Brand.
260 _aBankok :
_bAsian Instituteof the Technol.,
_c1977.
300 _as. IX, 704 :
_brys., tab., mapy.
040 _cBPK
041 _apol
080 _a55
942 _cKS
008 s pl f |000 0 pol
999 _c17848
_d17848
856 _uhttp://koha.tu.koszalin.pl/cgi-bin/koha/opac-detail.pl?biblionumber=17848
_yKatalog online BPK